| 000 | 00664nam a22001937a 4500 | ||
|---|---|---|---|
| 999 |
_c16311 _d16311 |
||
| 003 | AR-CdUCM | ||
| 008 | 190503b ||||| |||| 00| 0 spa d | ||
| 040 |
_aMUNICIPALIDAD PROVINCIAL DEL CUSCO _cBIBLIOTECA MUNICIPAL DEL CUSCO |
||
| 082 |
_a636.502 / _bM29 |
||
| 100 |
_aSecretarìa de Educucaciòn Pùblica _935688 |
||
| 245 | _aManual de avicultura y cultivo del trigo/ | ||
| 260 |
_aMéxico : _bSecretarìa de Educaciòn Pùblica, _c1946. |
||
| 300 |
_a95 paginas ; _c20 cm. |
||
| 505 | _aContenido :Manual de avicultura --Cultivo de trigo / | ||
| 650 |
_aAvicultura _920280 |
||
| 650 |
_aManuales _95970 |
||
| 942 |
_2ddc _cLIBROS |
||
| 945 |
_arjall _d2019-05-03 |
||